Škola v kontexte celoživotného učenia zborník z kolokvia Od vyučujúcej k učiacej sa škole, [15. február 2000 Prešov]

Bibliographic Details
Corporate Author: Škola v kontexte celoživotného učenia Prešov, Slovensko (Author)
Other Authors: Pavlov, Ivan, 1965- (Compiler)
Format: Conference Proceeding Book
Language:Slovak
PhysicalDescription:156 s. tab. 21 cm
Published: Prešov Metodické centrum 2000
ISBN:8080451915
Subjects:

MARC

LEADER 00000cam a2200000 a 4500
001 vtls001394253
003 SK-MaSNL
005 20260301161703.0
008 250414s2000 xo a fr 10000 slo
015 |a SNBA2000/10-03588 
020 |a 8080451915 
035 |a SNK000348578 
035 |a urn:nbn:sk:snk-amjtcl 
035 |a urn:nbn:sk:snk:ar-a0azrq 
035 |a 5d12c7b3-86a5-41bd-827b-57dcd1902b2f 
040 |a SNK  |b slo  |c SNK  |e AACR2 
041 0 |a slo 
044 |a xo  |c SK 
080 |a 374.7(082)  |2 1981 
111 2 |a Škola v kontexte celoživotného učenia  |n (1. :  |d 2000 :  |c Prešov, Slovensko)  |4 aut  |9 135051 
245 0 0 |a Škola v kontexte celoživotného učenia  |b zborník z kolokvia Od vyučujúcej k učiacej sa škole, [15. február 2000 Prešov]  |c [zostavil: Ivan Pavlov] 
260 |a Prešov  |b Metodické centrum  |c 2000 
300 |a 156 s.  |b tab.  |c 21 cm 
500 |a Čiast. text čes. 
500 |a 150 výt. 
504 |a Bibliogr. odkazy 
650 0 7 |a školy  |2 SNKPH  |9 1276 
650 0 7 |a vzdelávanie dospelých  |2 SNKPH  |9 4999 
650 0 7 |a celoživotné vzdelávanie  |2 SNKPH  |9 28858 
655 7 |a zborníky konferencií  |2 SNKPH  |9 70153 
655 7 |a issue_zb  |2 SNK  |9 276493 
700 1 |a Pavlov, Ivan,  |d 1965-  |4 com  |9 119157 
852 |a Slovenská národná knižnica 
919 |a 80-8045-191-5 
954 |a odborná, vedecká literatúra pôvodná (slovenská)  |2 lita 
954 |a odborná, vedecká literatúra cudzojazyčná (svetová)  |2 lita 
958 |a EUIPO 
958 |a ART 
958 |a TL 
958 |a NB 
958 |a OND 
999 |c 810447  |d 812377 
952 |t P60, <03>, [BOOK], {603}  |a SNK  |b SNK  |y PREZ  |7 0  |p 17A0247755  |o snkSC 102421  |i snkKSP 8240/2000  |0 0  |1 0  |4 0  |d 2000-08-10  |l 0  |r 2025-09-24 00:00:00  |w 2026-02-24 
952 |t P60, <09>, [BOOK], {629}  |a SNK  |b SNK  |y NEVYP  |7 0  |o snkC 618  |i snk1209/20001122  |0 0  |1 0  |4 0  |d 2000-11-20  |l 0  |r 2005-01-02 00:00:00  |w 2026-02-24 
952 |t snkSKO 374  |a SNKUST  |b SNKUST  |y PREZ  |7 0  |p 17A0247756  |o snkSC 102421 D1   |i snkKSP 8241/2000  |0 0  |1 0  |4 0  |d 2000-08-10  |l 0  |r 2025-03-19 00:00:00  |w 2026-02-24